[Event "IND-chB (Women) 38th"]
[Site "Chennai"]
[Date "2011.07.02"]
[Round "1"]
[White "Visalatchi, R."]
[Black "Akshita, D."]
[Result "1-0"]
[WhiteElo "1941"]
[BlackElo "1589"]
[PlyCount "135"]
[EventDate "2011.07.02"]
[EventType "swiss"]
[EventRounds "11"]
[EventCountry "IND"]
[SourceTitle "CBM 143 Extra"]
[Source "ChessBase"]
[SourceDate "2011.08.29"]
[SourceVersion "1"]
[SourceVersionDate "2011.08.29"]
[SourceQuality "1"]

1. c4 Nf6 2. b3 g6 3. Bb2 Bg7 4. Nf3 c5 5. g3 Nc6 6. Bg2 b6 7. 0-0 Bb7 8. Nc3 0-0 9. d4 Nxd4 10. Nxd4 Bxg2 11. Kxg2 cxd4 12. Qxd4 e6 13. Ne4 Nh5 14. Qd2 Bxb2 15. Qxb2 f5 16. Nd6 Qf6 17. Qd2 g5 18. f3 Qg6 19. Rac1 Nf6 20. c5 h5 21. cxb6 axb6 22. Nc4 Ra6 23. Ne5 Qg7 24. Rc7 Rd8 25. Rb7 Nd5 26. Nc6 Rda8 27. Nb4 Ra5 28. a4 f4 29. Nxd5 Rxd5 30. Qb4 Qb2 31. Re1 Rd2 32. Qc4 fxg3 33. hxg3 Rd6 34. Qe4 Kg7 35. Qe3 Kf6 36. Rxb6 Rxb6 37. Qxb6 Rc8 38. Qe3 Qc3 39. Qxc3+ Rxc3 40. Rb1 Rc2 41. Kf2 d5 42. a5 Ra2 43. b4 Ke5 44. Rh1 d4 45. Rd1 Rb2 46. a6 Rxb4 47. Ra1 Rb8 48. a7 Ra8 49. Ra5+ Kf6 50. Ke1 e5 51. Ra6+ Kf5 52. Kf2 g4 53. fxg4+ hxg4 54. Ke1 Ke4 55. Kd2 Kd5 56. e3 Ke4 57. exd4 exd4 58. Ra4 Kf3 59. Ra3+ Ke4 60. Ke2 d3+ 61. Kd2 Kf5 62. Ra4 Kg5 63. Ra5+ Kf6 64. Kxd3 Rd8+ 65. Ke3 Re8+ 66. Kf4 Ra8 67. Ra6+ Ke7 68. Kxg4 1-0